Optimálna navigácia mobilného robota v známom prostredí

Gespeichert in:
Bibliographische Detailangaben
1. Verfasser: Huňady, Dominik, 1989- (Verfasst von)
Weitere Verfasser: Duchoň, František, 1981- (Betreuung Doktorarbeit)
Format: Manuskript Buch
Sprache:Slowakisch
Veröffentlicht: Bratislava : STU v Bratislave FEI, 2012
Schlagworte:
Online-Zugang:VAIS
Tags: Tag hinzufügen
Keine Tags, Fügen Sie das erste Tag hinzu!

MARC

LEADER 00000ntm a22000003a 4500
001 stu254280
005 20150617230203.1
008 120911s2012----xo------------------slo-d
040 |a STU  |b slo 
041 0 |a slo 
044 |a xo 
100 1 |a Huňady, Dominik,  |d 1989-  |4 aut  |u E  |T FEI Fakulta elektrotechniky a informatiky  |X 64737  |U E  |Y 30  |7 A000064737 
242 0 0 |a Optimal navigation for mobile robot in known environment  |y eng 
245 1 |a Optimálna navigácia mobilného robota v známom prostredí  
260 |a Bratislava :  |b STU v Bratislave FEI,  |c 2012 
300 |a 49 s  |c CD-ROOM 
650 7 |a Applied Informatics  |2 estusub 
650 7 |a robot  |2 estusub 
650 7 |a navigation  |2 estusub 
650 7 |a navigácia  |2 stusub 
700 1 |a Duchoň, František,  |d 1981-  |4 ths  |u E011  |U FEI Fakulta elektrotechniky a informatiky  |T FEI Ústav robotiky a kybernetiky  |X 10329  |U E011  |Y 356  |7 A000010329 
856 4 |a info a plný text  |u http://is.stuba.sk/zp/portal_zp.pl?podrobnosti=65584  |3 VAIS 
996 |b 284ER01064  |c E*Bc-1064  |l EE23  |s P  |a 0  |w stu254280_0001